French Verbs #8 Prendre (to take) - Statistics

General Stats
  • This quiz has been taken 35 times
  • The average score is 7 of 8
Answer Stats
Hint Answer % Correct
She takes Elle prend
95%
He takes Il prend
95%
I take Je prends
95%
You take (informal,singular) Tu prends
90%
They take (f.) Elles prennent
80%
They take (m.) Ils prennent
80%
We take Nous prenons
80%
You take (formal,plural) Vous prenez
80%
No matching quizzes found
Score Distribution
Percent of People with Each Score
Percentile by Number Answered
Your Score History
You have not taken this quiz